[Event "ISR-chT 2019"]
[Site "Israel"]
[Date "2019.05.05"]
[Round "11.12"]
[White "Ben Artzi, Ido"]
[Black "Iliaguev, Nisim"]
[Result "1-0"]
[WhiteElo "2388"]
[BlackElo "2375"]
[Annotator "TA"]
[PlyCount "63"]
[EventDate "2019.01.04"]
[EventType "team-tourn"]
[EventCountry "ISR"]
[SourceTitle "playchess.com"]
[Source "ChessBase"]
[SourceQuality "1"]

{[%evp 18,63,28,22,46,49,50,47,51,26,65,46,55,39,37,36,33,41,45,30,36,16,0,0,0,0,20,12,24,20,0,0,38,61,115,124,453,456,430,418,407,406,473,502,453,440,904,702]} 1. d4 Nf6 2. c4 c5 3. d5 e6 4. Nc3 exd5 5. cxd5 d6 6. Nf3 g6 7. h3 Bg7 8. Bf4 a6 9. a4 O-O 10. e3 Qe7 {A61: Modern Benoni: Nf3 without early e4} 11. Be2 Nbd7 12. O-O Ne8 {White is slightly better.} (12... Rb8 13. Re1 Ne8 14. e4 Ne5 15. Nxe5 Bxe5 16. Qd2 Nf6 17. Bf1 Re8 18. Rad1 Bd4 19. b4 Nh5 20. Bh2 b6 21. b5 {½-½ (21) Ponomariov,R (2663)-Donchenko,A (2607) Germany 2019}) 13. Bh2 f5 14. a5 Rb8 15. Qc2 b5 $146 ({Predecessor:} 15... Ne5 16. Nd2 Nc7 17. Rae1 Re8 18. e4 fxe4 19. Ndxe4 {½-½ (30) Koksal,E (2390)-Erdogan,A (2088) Konya 2017}) 16. axb6 $1 Rxb6 17. Nd2 Ne5 18. Kh1 Nc7 19. Rfe1 Bd7 20. f4 Nf7 21. Bd3 Rfb8 22. Nc4 Rb4 23. e4 fxe4 24. Nxe4 Qf8 25. f5 $36 {[%mdl 2048] Black must now prevent f6. White has the initiative.} Bxf5 {[#]} (25... Rxb2 $14 26. Nxb2 Rxb2) 26. Nxc5 $1 $16 {[%mdl 512]} Rc8 $2 {[%mdl 8192]} (26... Rxb2 $16 27. Nxb2 Rxb2) (26... dxc5 27. Bxf5) 27. Bxf5 $18 gxf5 28. Nd7 Qd8 {[#]} 29. Ncb6 $1 {[%cal Rb6c8]} Rxb2 30. Qxf5 {White is clearly winning.} Nh6 31. Qh5 Rb5 (31... Rxb6 $142 32. Nxb6 Rb8) 32. Rac1 {Accuracy: White = 73%, Black = 44%.} 1-0

[Event "ISR-chT 2019"]
[Site "Israel"]
[Date "2019.05.05"]
[Round "11.13"]
[White "Erenberg, Ariel"]
[Black "Alterman, Boris"]
[Result "0-1"]
[WhiteElo "2438"]
[BlackElo "2602"]
[Annotator "TA"]
[PlyCount "133"]
[EventDate "2019.01.04"]
[EventType "team-tourn"]
[EventCountry "ISR"]
[SourceTitle "playchess.com"]
[Source "ChessBase"]
[SourceQuality "1"]

{[%evp 16,133,22,8,-1,3,0,-7,4,0,13,9,9,0,0,1,17,16,7,0,22,-26,-15,-43,0,0,0,0,0,0,0,0,6,8,18,14,14,7,27,0,0,0,0,0,0,0,0,0,30,0,0,0,0,0,0,0,0,0,0,0,0,0,0,0,0,0,0,0,0,0,0,0,0,-16,-18,-62,-62,-53,-56,-62,-8,-22,-18,-73,-73,-73,-73,-63,-64,-105,-108,-108,-105,-135,-170,-136,-74,-436,-409,-512,-512,-512,-512,-588,-586,-1246,-456,-29971,-29971,-12843,-12588,-29987,-29988,-29988,-29989,-29989,-29990,-29990,-29991,-29992]} 1. d4 Nf6 2. c4 e6 3. Nf3 b6 4. g3 Ba6 5. b3 Bb7 6. Bg2 Bb4+ 7. Bd2 a5 8. O-O O-O 9. Bf4 a4 {E15: Queen's Indian: 4 g3 sidelines, 4 g3 Ba6 and 4 g3 Bb7 early deviations} 10. bxa4 Be4 11. Qb3 $146 ({Predecessor:} 11. Bd2 Bxd2 12. Qxd2 Bxb1 13. Raxb1 Rxa4 14. Qc2 Ra5 15. e4 d6 16. Rb5 Ra7 17. Rd1 {0-1 (38) Blees,A (2415)-Bischoff,K (2510) Munich 1993}) 11... Nc6 {The position is equal.} 12. Rd1 Be7 13. Nbd2 Na5 14. Qb2 Bc6 15. Qc2 d6 16. e4 Qe8 17. e5 dxe5 18. dxe5 Nd7 19. Ne4 Bxe4 20. Qxe4 {Threatens to win with Ng5.} Nc5 21. Qc2 Qxa4 22. Qxa4 Nxa4 23. Rd7 Bc5 24. Rxc7 Rac8 25. Rxc8 Rxc8 26. Bf1 Rd8 27. Re1 h6 28. h4 Nc6 29. Be3 Nc3 30. a3 Ra8 31. Bc1 Na5 32. Bb2 (32. Bd2 $5 {[%cal Rd2c3]} Na4 33. Rb1 $14) 32... Na4 33. Bd4 Nb3 34. Bxc5 Naxc5 35. Rd1 Rxa3 36. Rd8+ Kh7 37. Rd6 Ra6 38. h5 g5 39. hxg6+ Kxg6 40. Kg2 Kg7 41. Nd2 {aiming for Nxb3.} Nc1 42. Nb1 Ra2 {White must now prevent ...Ne4.} 43. Nc3 ({Much weaker is} 43. Rxb6 N1d3 $17) 43... Rb2 44. Nd1 Rb3 45. Rd4 N1d3 46. Bxd3 Nxd3 $15 {[%mdl 4096] Endgame KRN-KRN} 47. Re4 h5 ({Better is} 47... Rb1 $15 48. Nc3 Rb2) 48. Re3 $11 Kg6 49. Nb2 {[#]} (49. f4 $11 {remains equal.}) 49... Nf4+ $1 $17 {[%mdl 512]} 50. gxf4 Rxb2 {KR-KR} 51. Rg3+ Kf5 52. Rg5+ Kxf4 53. Rxh5 Rd2 54. Rh8 Kxe5 55. Rc8 Rd4 ({Black should play} 55... Rb2 56. Kg3 Rb1) 56. c5 $2 {[%mdl 8192]} (56. Rc6 $17 {is tougher.}) 56... Rc4 $19 57. Rc7 Rxc5 58. Rxf7 b5 59. Kf3 Kd4 {Strongly threatening ...Rf5+.} 60. Rb7 Kc3 61. Ke4 (61. Rb6 $19 e5 62. Ke2) 61... b4 62. Re7 {[#]} e5 $1 {[%mdl 512]} 63. Rxe5 Rxe5+ {Black mates.} 64. Kxe5 b3 65. f4 b2 66. f5 b1=Q 67. Kf4 {Accuracy: White = 44%, Black = 73%.} 0-1

[Event "ISR-chT 2019"]
[Site "Israel"]
[Date "2019.05.05"]
[Round "11.14"]
[White "Zanan, Evgeny"]
[Black "Shachar, Ehud"]
[Result "1-0"]
[WhiteElo "2505"]
[BlackElo "2363"]
[Annotator "RC"]
[PlyCount "41"]
[EventDate "2019.01.04"]
[EventType "team-tourn"]
[EventCountry "ISR"]
[SourceTitle "playchess.com"]
[Source "ChessBase"]
[SourceQuality "1"]
[TimeControl "40/5400+30:1800+30"]

1. d4 {[%emt 0:03:45]} e6 {[%emt 0:00:00]} 2. Nf3 {[%emt 0:01:30]} f5 {[%emt 0:00:00]} 3. Bf4 {[%emt 0:00:04]} Nf6 {[%emt 0:00:00]} 4. e3 {[%emt 0:00:06]} d5 {[%emt 0:00:22]} 5. c4 {[%emt 0:05:17]} c6 {[%emt 0:00:08]} 6. Nc3 {[%emt 0:00:14]} Bd6 {[%emt 0:00:07]} 7. Be2 {[%emt 0:03:00]} O-O {[%emt 0:00:45]} 8. O-O {[%emt 0:01:48]} Ne4 {[%emt 0:04:17]} 9. Rc1 {[%emt 0:07:53]} b6 {[%emt 0:13:40]} 10. Qb3 {[%emt 0:07:25]} Bb7 {[%emt 0:08:59]} 11. Rfd1 {[%emt 0:03:31]} Kh8 {[%emt 0:12:09]} 12. Nxe4 {[%emt 0:10:21]} fxe4 {[%emt 0:04:55]} 13. Ne5 {[%emt 0:00:25]} Bc7 {[%emt 0:13:07]} 14. Bg4 {[%emt 0:02:49]} Bxe5 {[%emt 0:08:15]} 15. Bxe5 {[%emt 0:01:55]} Qh4 {[%emt 0:00:14]} 16. Bxe6 {[%emt 0:04:19]} Qxf2+ {[%emt 0:01:25]} 17. Kh1 {[%emt 0:00:04]} dxc4 {[%emt 0:01:12]} 18. Qxc4 {[%emt 0:10:06]} Qxe3 {[%emt 0:05:09]} 19. Rc3 {[%emt 0:01:02]} b5 {[%emt 0:10:38]} 20. Rxe3 {[%emt 0:00:55]} bxc4 {[%emt 0:00:08]} 21. Rg3 {[%emt 0:00:03]} 1-0

[Event "ISR-chT 2019"]
[Site "Israel"]
[Date "2019.05.05"]
[Round "11.15"]
[White "Finkel, Alexander"]
[Black "Baron, Tal"]
[Result "0-1"]
[WhiteElo "2426"]
[BlackElo "2524"]
[Annotator "TA"]
[PlyCount "76"]
[EventDate "2019.01.04"]
[EventType "team-tourn"]
[EventCountry "ISR"]
[SourceTitle "playchess.com"]
[Source "ChessBase"]
[SourceQuality "1"]

{[%evp 12,76,13,6,28,21,21,17,25,20,43,-22,25,25,25,22,24,17,17,9,19,20,17,8,5,2,6,2,6,0,5,-40,-39,-42,-41,-38,-9,-92,-86,-72,-79,-114,71,83,54,-7,0,-111,-120,-262,-253,-243,-130,-155,-65,-980,-590,-833,-835,-931,-569,-29986,-29987,-29987,-29988,-29981,-29982]} 1. e4 e6 2. d4 d5 3. exd5 exd5 4. Nf3 Bd6 5. c4 Nf6 6. Nc3 O-O 7. cxd5 Re8+ {C01: French: Exchange Variation} (7... Nbd7 8. Bg5 h6 9. Bh4 Nb6 10. Ne5 Be7 11. Bd3 Nfxd5 12. Bxe7 Nxe7 13. O-O Bf5 14. Bxf5 Nxf5 15. Qf3 Nd6 {½-½ (43) Nisipeanu,L (2682)-Ragger,M (2666) Graz 2018}) 8. Be2 Nbd7 9. Bg5 h6 {The position is equal.} 10. Bh4 Nb6 11. Qb3 (11. O-O $14) 11... Be7 {[%cal Rf6d5]} (11... g5 {looks sharper.} 12. Bg3 Nfxd5 13. Nxd5 Nxd5 14. Ne5 Be6) 12. Bxf6 Bxf6 13. O-O Bg4 {[#]} 14. Rfe1 $146 ({Predecessor:} 14. Rad1 Nxd5 15. Nxd5 Rxe2 16. Nxf6+ Qxf6 17. Ne5 Rxe5 {½-½ (17) Cuartas,J (2504)-Teske,H (2578) Barbera del Valles 2007}) 14... Bxf3 15. Bxf3 Bxd4 16. Rxe8+ Qxe8 17. Nb5 Be5 18. Re1 Qe7 $1 19. a4 a6 20. Nc3 a5 21. Nb5 Bxh2+ $40 {[%mdl 128] Black attacks.} 22. Kf1 Be5 $1 23. Qc2 Rd8 24. Qe4 (24. b3 $11 {remains equal.}) 24... Rxd5 $17 25. Nc3 Rc5 26. Qxb7 Nc4 $2 (26... g6 $17 {stays on course.} 27. g3 Kg7) 27. Ne4 $16 Bxb2 {[#] White must now prevent ...f5.} 28. Re2 (28. Qb3 $1 $14) 28... Re5 $11 29. Rc2 (29. Qa8+ $11 {keeps the balance.} Kh7 30. Qc6) 29... Qa3 $17 30. Qc8+ (30. Qxc7 $17 Qd3+ {[%mdl 64] Double Attack} 31. Be2 Qxc2 32. Qd8+ Re8 33. Qxe8+ Kh7 34. Qd7) 30... Kh7 $19 31. Qd7 Nd6 (31... Qa1+ $19 32. Qd1 Qxd1+ {[%mdl 64] Overworked Piece} 33. Bxd1 Rxe4) 32. Kg1 $17 Qb4 (32... Bd4 $17 {aiming for ...f5.} 33. Kh2 Rf5) 33. Rxc7 $2 {[%mdl 8192]} (33. Re2 $15) 33... Rxe4 34. Bxe4+ Qxe4 35. g3 Bd4 {( -> ...Qe1+)} 36. Qxd6 Qe1+ {[%mdl 64] [#] Double Attack. Black mates.} 37. Kg2 Qxf2+ 38. Kh3 Qf1+ {Accuracy: White = 34%, Black = 48%.} 0-1

[Event "ISR-chT 2019"]
[Site "Israel"]
[Date "2019.05.05"]
[Round "11.16"]
[White "Raznikov, Danny"]
[Black "Gershon, Alik"]
[Result "0-1"]
[WhiteElo "2506"]
[BlackElo "2452"]
[Annotator "RC"]
[PlyCount "114"]
[EventDate "2019.01.04"]
[EventType "team-tourn"]
[EventCountry "ISR"]
[SourceTitle "playchess.com"]
[Source "ChessBase"]
[SourceQuality "1"]
[TimeControl "40/5400+30:1800+30"]

1. d4 {[%emt 0:01:16]} Nf6 {[%emt 0:00:00]} 2. Nf3 {[%emt 0:00:20]} e6 {[%emt 0:00:15]} 3. Bf4 {[%emt 0:02:20]} b6 {[%emt 0:06:02]} 4. e3 {[%emt 0:07:26]} Bb7 {[%emt 0:00:07]} 5. Bd3 {[%emt 0:00:25]} Be7 {[%emt 0:00:12]} 6. h3 {[%emt 0:00:31]} O-O {[%emt 0:01:23]} 7. Nbd2 {[%emt 0:01:41]} d5 {[%emt 0:00:25]} 8. O-O {[%emt 0:01:26]} Nbd7 {[%emt 0:02:23]} 9. a4 {[%emt 0:06:56]} a5 {[%emt 0:07:05]} 10. Qe2 {[%emt 0:01:46]} Ne4 {[%emt 0:00:59]} 11. Rfd1 {[%emt 0:02:13]} Bd6 {[%emt 0:01:53]} 12. Bxe4 {[%emt 0:18:01]} dxe4 {[%emt 0:00:06]} 13. Ng5 {[%emt 0:00:07]} Bxf4 {[%emt 0:18:43]} 14. exf4 {[%emt 0:01:03]} Nf6 {[%emt 0:00:07]} 15. c3 {[%emt 0:18:31]} Qd5 {[%emt 0:02:54]} 16. Re1 {[%emt 0:00:34]} Qf5 {[%emt 0:00:51]} 17. Qe3 {[%emt 0:03:48]} h6 {[%emt 0:02:22]} 18. Ngxe4 {[%emt 0:00:34]} Nd5 {[%emt 0:00:04]} 19. Qg3 {[%emt 0:01:14]} Nxf4 {[%emt 0:01:53]} 20. Re3 {[%emt 0:03:38]} g5 {[%emt 0:08:55]} 21. h4 {[%emt 0:03:31]} f6 {[%emt 0:00:13]} 22. f3 {[%emt 0:02:39]} Rf7 {[%emt 0:02:02]} 23. Nf2 {[%emt 0:03:36]} Qc2 {[%emt 0:11:44]} 24. Nde4 {[%emt 0:06:29]} Bxe4 {[%emt 0:03:39]} 25. Rxe4 {[%emt 0:01:56]} Qxe4 {[%emt 0:00:23]} 26. Nxe4 {[%emt 0:00:25]} Ne2+ {[%emt 0:00:04]} 27. Kf2 {[%emt 0:00:12]} Nxg3 {[%emt 0:00:06]} 28. Kxg3 {[%emt 0:00:39]} gxh4+ {[%emt 0:01:30]} 29. Kxh4 {[%emt 0:00:46]} Rd8 {[%emt 0:00:21]} 30. Re1 {[%emt 0:01:47]} Kf8 {[%emt 0:04:04]} 31. f4 {[%emt 0:05:58]} f5 {[%emt 0:03:20]} 32. Nd2 {[%emt 0:00:21]} Rg7 {[%emt 0:02:12]} 33. g3 {[%emt 0:00:24]} Kf7 {[%emt 0:01:03]} 34. Nf3 {[%emt 0:00:08]} Kf6 {[%emt 0:00:11]} 35. Re3 {[%emt 0:00:25]} c5 {[%emt 0:01:11]} 36. Kh3 {[%emt 0:00:30]} Rdg8 {[%emt 0:01:40]} 37. Ne5 {[%emt 0:00:31]} cxd4 {[%emt 0:03:16]} 38. cxd4 {[%emt 0:00:09]} Rd8 {[%emt 0:00:04]} 39. Rd3 {[%emt 0:01:46]} Rc7 {[%emt 0:01:14]} 40. b3 {[%emt 0:00:20]} Rb7 {[%emt 0:07:38]} 41. Nf3 {[%emt 0:04:17]} Ke7 {[%emt 0:12:41]} 42. Ne5 {[%emt 0:02:11]} Kd6 {[%emt 0:03:56]} 43. Nc4+ {[%emt 0:00:20]} Kc6 {[%emt 0:00:05]} 44. Rc3 {[%emt 0:01:07]} Kd5 {[%emt 0:02:16]} 45. Re3 {[%emt 0:00:21]} Kxd4 {[%emt 0:08:39]} 46. Rxe6 {[%emt 0:00:05]} Kc3 {[%emt 0:00:12]} 47. Nxb6 {[%emt 0:04:06]} Kxb3 {[%emt 0:00:09]} 48. Rxh6 {[%emt 0:00:19]} Rdb8 {[%emt 0:00:43]} 49. Nd5 {[%emt 0:00:27]} Kxa4 {[%emt 0:00:07]} 50. g4 {[%emt 0:00:18]} Kb3 {[%emt 0:04:33]} 51. Ra6 {[%emt 0:04:21]} a4 {[%emt 0:00:41]} 52. g5 {[%emt 0:01:49]} a3 {[%emt 0:01:05]} 53. Ne3 {[%emt 0:00:56]} Rb4 {[%emt 0:04:25]} 54. g6 {[%emt 0:00:50]} Ra4 {[%emt 0:00:28]} 55. Rd6 {[%emt 0:02:50]} a2 {[%emt 0:00:29]} 56. Rd3+ {[%emt 0:00:46]} Kb2 {[%emt 0:00:40]} 57. Rd2+ {[%emt 0:01:03]} Kc3 {[%emt 0:00:16]} 0-1

[Event "ISR-chT 2019"]
[Site "Israel"]
[Date "2019.05.05"]
[Round "11.17"]
[White "Judkovsky, Yair"]
[Black "Kobo, Ori"]
[Result "0-1"]
[WhiteElo "2305"]
[BlackElo "2484"]
[Annotator "TA"]
[PlyCount "56"]
[EventDate "2019.01.04"]
[EventType "team-tourn"]
[EventCountry "ISR"]
[SourceTitle "playchess.com"]
[Source "ChessBase"]
[SourceQuality "1"]

{[%evp 12,76,17,25,30,-4,23,21,28,27,34,41,100,90,81,82,78,63,67,68,68,32,61,14,97,13,14,-62,-52,-110,-104,-280,-287,-269,-266,-285,-268,-261,-260,-286,-227,-329,-329,-377,-377,-412,-409,-375,-258,-332,-316,-428,-428,-417,-340,-636,-616,-569,-484,-1448,-1567,-1559,-1584,-1577,-1512,-1116,-1098]} 1. e4 g6 2. d4 Bg7 3. Nf3 d6 4. c3 Nf6 5. Nbd2 O-O 6. Be2 Nbd7 7. O-O e5 {B07: Pirc Defence: Miscellaneous Systems} 8. Qc2 (8. dxe5 Nxe5 9. Nxe5 dxe5 10. Qc2 c6 11. Rd1 Qc7 12. Nc4 Be6 13. Be3 b6 14. a4 Ng4 15. Bd2 Rab8 16. h3 Nf6 17. Be3 Rfd8 18. b4 {1-0 (52) Kovalenko,I (2653)-Bortnyk,O (2533) Wroclaw 2014}) 8... b6 9. dxe5 dxe5 {The position is equal.} 10. a4 a5 11. b4 $146 ({Predecessor:} 11. Bc4 Bb7 12. Re1 Re8 13. b4 h6 14. Qb3 Qe7 15. Ba3 axb4 16. cxb4 Rf8 {1-0 (45) Short,P (2333)-Daly,C (2329) Dublin 2018}) 11... c5 (11... Bb7 $14) 12. bxa5 $16 Rxa5 13. Nc4 Ra8 14. Bg5 (14. Ncxe5 $6 Nxe5 15. Nxe5 Bb7 $11) 14... Qc7 15. Rfd1 Ba6 16. Rab1 (16. Nd6 {feels hotter.} c4 17. Nb5 Bxb5 18. axb5 h6 19. Bh4) 16... Qc6 17. Bxf6 ({Inferior is} 17. Ncxe5 Qxe4 18. Bd3 Bxd3 $17) ({Don't play} 17. Nfxe5 Nxe5 18. Nxe5 Qxe4 $17) (17. Nfd2 {is more complex.} Qe6 18. Bf1 Rfc8 19. f3 Kh8 20. a5) 17... Nxf6 (17... Bxc4 $1 $11 {keeps the balance.} 18. Bxc4 Nxf6) 18. Nxb6 (18. Nfxe5 $16 Qe8 19. f4 (19. Rxb6 Bxc4 20. Nxc4 Nxe4 $11)) 18... Qxe4 $11 19. Qxe4 ({White should play} 19. Bd3 $11 Bxd3 20. Rxd3) 19... Nxe4 $15 20. Nxa8 ({White should try} 20. Bb5 $15 Nxc3 21. Nxa8 Bxb5 22. axb5 Nxd1 23. Rxd1 Rxa8 24. Nd2) 20... Bxe2 $17 21. Re1 $2 (21. Nb6 $17 {was the only defense.} Nxc3 22. Rd2) 21... Rxa8 $19 22. Rxe2 Nxc3 {[%mdl 64] [#] Double Attack} 23. Ree1 Nxb1 24. Rxb1 {[%mdl 4096] Endgame KRB-KRN} e4 25. Nd2 Rxa4 26. g3 (26. Rb8+ $142 Bf8 27. g3) 26... Bh6 27. Rb8+ Kg7 28. Nf1 c4 {Played: Ra4-a1} 0-1

[Event "ISR-chT 2019"]
[Site "Israel"]
[Date "2019.05.05"]
[Round "11.18"]
[White "Liss, Eran"]
[Black "Nor, Igor"]
[Result "0-1"]
[WhiteElo "2421"]
[BlackElo "2278"]
[Annotator "TA"]
[PlyCount "75"]
[EventDate "2019.01.04"]
[EventType "team-tourn"]
[EventCountry "ISR"]
[SourceTitle "playchess.com"]
[Source "ChessBase"]
[SourceQuality "1"]

{[%evp 12,75,14,6,33,27,37,38,43,42,39,50,100,77,68,35,45,17,17,16,18,14,16,27,27,28,35,8,20,15,29,23,14,24,62,57,68,47,46,29,16,0,42,17,9,12,47,27,72,-253,-241,-233,-233,-239,-195,-204,-214,-175,-169,-191,0,0,0,-15,-21,-169]} 1. e4 c5 2. Nf3 d6 3. d4 cxd4 4. Nxd4 Nf6 5. Nc3 Nc6 6. f3 e5 7. Nb3 a5 {B56: Classical Sicilian: Unusual Lines} (7... Be7 8. Be3 O-O 9. Qd2 a5 10. Bb5 Be6 11. O-O-O Na7 12. Bxa7 Rxa7 13. a4 Ra8 14. Kb1 Ne8 15. Nd5 Bg5 16. Qd3 Nc7 17. Nxc7 Qxc7 18. Qxd6 Qxd6 19. Rxd6 {1-0 (64) Vachier Lagrave,M (2780)-Alekseenko,K (2637) chess.com INT 2019}) 8. Be3 a4 9. Nd2 a3 {White is slightly better.} 10. Nc4 {[#] aiming for Bb6.} axb2 11. Rb1 Be7 12. Rxb2 $146 ({Predecessor:} 12. Bb6 Qd7 13. Rxb2 O-O 14. Be2 Bd8 15. Qxd6 Qxd6 16. Nxd6 {1-0 (64) Obolenskikh,D (2383)-Shushpanov,R (2466) Novosibirsk 2003}) 12... O-O 13. Qd2 Be6 14. Nd5 ({Not} 14. Rxb7 $2 Bxc4 15. Bxc4 Na5 $19) 14... Bxd5 15. exd5 Nd4 16. c3 ({Worse is} 16. Rxb7 Rxa2 17. Bxd4 exd4 $17) 16... b5 17. cxd4 bxc4 18. Bxc4 Rc8 19. Ba6 Rb8 20. Rxb8 Qxb8 21. dxe5 dxe5 {Threatens to win with ...Bb4.} 22. O-O Rd8 23. Bc4 Bb4 24. Qd3 $36 {[%mdl 2048] White is more active.} Qd6 25. Rd1 e4 $1 {[%cal Re4d3]} 26. Qf1 ({But not} 26. fxe4 $2 Ng4 $19) 26... h6 27. Qf2 Rc8 28. Bb3 Rc3 {Hoping for ...Rxe3!} 29. Bd4 Bc5 30. Qd2 $2 {[%mdl 8192]} (30. Bxc5 $16 Rxc5 31. Qe2) 30... Rd3 $19 {[%mdl 64] [#] Double Attack} 31. Bxc5 Qxc5+ 32. Qf2 e3 33. Qe2 Rxd1+ 34. Bxd1 Nxd5 35. Kf1 Nf4 $2 ({Black should play} 35... Qd4 $19 36. Qe1 Nc3) 36. Qb2 $11 {Qb8+ is the strong threat.The position is equal.} Ne6 37. Qc2 {next Qxc5 is good for White.} Qe5 38. Qe4 {Accuracy: White = 38%, Black = 56%.} (38. Qc1 $11) 0-1

[Event "ISR-chT 2019"]
[Site "Israel"]
[Date "2019.05.05"]
[Round "11.19"]
[White "Sivuk, Vitaly"]
[Black "Bakalchuk, Johnatan"]
[Result "1-0"]
[WhiteElo "2543"]
[BlackElo "2436"]
[Annotator "TA"]
[PlyCount "79"]
[EventDate "2019.01.04"]
[EventType "team-tourn"]
[EventCountry "ISR"]
[SourceTitle "playchess.com"]
[Source "ChessBase"]
[SourceQuality "1"]

{[%evp 9,79,1,36,0,-6,-7,25,35,32,40,43,35,4,20,50,0,0,0,0,0,-4,0,0,-3,67,56,62,56,50,52,73,73,120,135,175,166,157,125,261,278,469,466,460,420,459,459,447,198,399,424,419,468,1200,179,161,0,0,0,585,585,956,902,5261,2631,29984,29985,29984,29985,29984,29985,29984,29985]} 1. e4 c5 2. Nf3 g6 3. c3 d5 4. e5 Nc6 5. d4 Bg4 (5... cxd4 6. cxd4 Bg4 7. Bb5 Rc8 8. O-O a6 9. Be2 Nh6 10. h3 Bxf3 11. Bxf3 Nf5 12. Be3 e6 13. Nc3 Bg7 14. Bg4 Nxe3 15. fxe3 {1-0 (42) Caruana,F (2828)-Guseinov,G (2664) chess.com INT 2019}) 6. dxc5 {B27: Sicilian: 2 Nf3, unusual Black 2nd moves} Bg7 7. Bb5 Qa5 $146 ({Predecessor:} 7... e6 8. Bxc6+ bxc6 9. Bf4 Qb8 10. Nbd2 Qxb2 11. O-O Qxc3 {1-0 (26) Ni,H (2710)-Greet,A (2440) Beijing 2008}) 8. a4 {White has an edge.} a6 9. Bxc6+ bxc6 10. O-O Bxe5 11. Re1 Bg7 12. b4 ({White should try} 12. Qb3 $14) 12... Qc7 $11 13. h3 Bxf3 $1 14. Qxf3 ({But not} 14. gxf3 e6 $17) 14... e5 15. c4 Ne7 16. cxd5 cxd5 (16... Nxd5 $11 17. Qb3 O-O) 17. Nc3 $36 {[%mdl 2048] White is more active.} Rd8 18. Bg5 {Hoping for Nxd5!} f6 $1 {[%cal Rf6g5]} 19. Bd2 f5 20. Qd3 Qc8 21. Bg5 {Black must now prevent Bxe7.} e4 {[#]} 22. Qd2 $1 Qc6 23. Rac1 d4 (23... Bf6 $16) 24. b5 Qe6 $2 {[#]} (24... axb5 25. axb5 (25. Nxb5 Be5 $14) 25... Qe6) 25. Nxe4 $1 $18 fxe4 {[#]} 26. Rxe4 $3 {[%mdl 512]} Qxe4 27. Re1 Qf5 28. Rxe7+ Kf8 {...h6 is the strong threat.} 29. c6 h6 30. c7 {[%cal Rc7d8]} Re8 (30... Rc8 $142) 31. Qb4 $2 (31. g4 Rxe7 32. Bxe7+ Kxe7 33. gxf5) 31... Rxe7 32. Bxe7+ $2 ({Only move:} 32. Qxe7+ $18 Kg8 33. g4 Qb1+ 34. Kg2) 32... Kf7 $1 $11 {Strongly threatening ...a5!} 33. b6 Be5 $2 {[%mdl 8192]} (33... a5 $11 34. Qb3+ Kxe7) 34. Bd8 $18 Re8 {aiming for ...Qd3.} 35. Qc4+ {[%mdl 64] Double Attack} Kg7 36. c8=Q Bh2+ 37. Kxh2 {White mates.} Qf4+ 38. Kg1 Re1+ {[#]} 39. Qf1 $3 Rxf1+ 40. Kxf1 {Accuracy: White = 77%, Black = 42%.} 1-0

[Event "ISR-chT 2019"]
[Site "Israel"]
[Date "2019.05.05"]
[Round "11.20"]
[White "Zoler, Dan"]
[Black "Rechlis, Gad"]
[Result "1-0"]
[WhiteElo "2499"]
[BlackElo "2506"]
[Annotator "TA"]
[PlyCount "77"]
[EventDate "2019.01.04"]
[EventType "team-tourn"]
[EventCountry "ISR"]
[SourceTitle "playchess.com"]
[Source "ChessBase"]
[SourceQuality "1"]

{[%evp 13,111,34,39,27,46,41,41,34,67,20,27,12,33,20,39,-5,-24,-22,-40,-43,-35,-119,-116,-164,-24,-23,-16,-36,155,52,54,34,48,42,110,110,101,82,101,97,173,99,100,62,242,220,273,255,300,302,337,345,345,337,385,377,332,271,269,268,343,343,298,342,315,261,261,199,353,386,629,621,4132,612,612,612,604,604,597,597,4132,1855,5609,4090,1006,987,29974,4132,29950,2012,29989,29990,29990,29991,29991,29980,29994,29980,29979,29981]} 1. d4 Nf6 2. c4 e6 3. Nf3 c5 4. d5 exd5 5. cxd5 d6 6. e4 g6 7. h3 Bg7 8. Bd3 {E10: Blumenfeld Gambit} O-O 9. O-O c4 10. Bc2 {White is slightly better.} Na6 11. Na3 $146 ({Predecessor:} 11. Nc3 Nb4 12. Bb1 Qa5 13. a3 Bd7 14. Bf4 Qa6 15. Bxd6 Qxd6 16. axb4 {1-0 (29) Krasenkow,M (2656)-Socko,M (2457) Warsaw 2009}) 11... Re8 12. Re1 Nc5 13. Bg5 h6 14. Be3 (14. Bxf6 $5 Bxf6 15. Rb1 $11 (15. Nxc4 b5 $11)) 14... c3 15. Bxc5 cxb2 16. Rb1 {Bd4 is the strong threat.} dxc5 17. Nc4 (17. Qd2 $15) 17... b5 $17 18. Nce5 Nd7 (18... Qd6 $1 $19 19. Nc6 Nd7) 19. Nc6 $1 $11 {[%cal Rc6d8]} Qc7 {[#]} 20. e5 $1 {[%mdl 512]} Nf8 $2 (20... Bxe5 $2 21. Ncxe5 Nxe5 22. Rxe5 $18 (22. d6 Nxf3+ 23. Qxf3 Rxe1+ 24. Rxe1 Bb7 $14)) (20... Bb7 $15 21. Ne7+ Rxe7) (20... Nxe5 21. Ncxe5) 21. Be4 (21. Rxb2 $16 a6 22. d6 Qxc6 23. Be4 {[%mdl 64] Skewer}) 21... Bb7 $1 $14 22. d6 $36 {[%mdl 2048] White fights for an advantage.} Qd7 23. Ne7+ Kh7 (23... Rxe7 $14 24. Bxb7 (24. dxe7 Qxe7 25. Rxb2 Bxe4 $14) 24... Qxb7 25. dxe7 Qxe7) 24. Bxb7 $16 Qxb7 25. h4 Ne6 26. Rxb2 c4 (26... Rxe7 $16 27. dxe7 a6) 27. Qb1 (27. h5 $18) 27... a6 {next ...Bf8 is good for Black.} 28. a4 {Hoping for h5.} Rxe7 $2 (28... Bf8 $14) 29. dxe7 $18 c3 30. Rc2 b4 {[#]} 31. Rxc3 $1 {[%mdl 576] Pin} Qxe7 (31... bxc3 32. Qxb7) 32. Rc4 a5 33. h5 Qe8 34. hxg6+ fxg6 35. Nd4 Nxd4 36. Rxd4 Qxa4 37. Rd6 Qe8 38. e6 a4 39. Qe4 {Played: Rd6-d7} 1-0